| 000 | 02282nam0a2200421 4500 | ||
|---|---|---|---|
| 001 | RU\NLR\BIBL_A\022060657 | ||
| 005 | 20260407100515.0 | ||
| 010 |
_a978-5-6049368-7-0 _9200 |
||
| 021 |
_aRU _b2023-61521 _9КН-П-6231 |
||
| 035 | _a(RuMoRGB)012164041 | ||
| 035 | _a(NLR Aleph) 022060657 | ||
| 090 |
_a12626622 _c12626622 |
||
| 100 | _a20231026d2023 |||y0rusy50 ca | ||
| 101 | 0 | _arus | |
| 102 | _aRU | ||
| 105 | _aac z 001zy | ||
| 181 | 0 |
_ai _baxxe |
|
| 182 | 0 | _an | |
| 200 | 1 |
_aКовернинский край _eнаблюдения и записи _e[сборник с дополнениями из фондов Костромского историко-архитектурного и художественного музея-заповедника] _fМ. М. Зимин _g[составитель и редактор: Николай Морохин] |
|
| 203 |
_aТекст _bвизуальный _cнепосредственный |
||
| 210 |
_aНижний Новгород _cЛитера _d2023 |
||
| 215 |
_a172, [3] с. _cил., портр. _d20 |
||
| 320 | _aБиблиогр. в коммент.: с. 169-173 и в подстроч. примеч. | ||
| 320 | _aУказ в конце кн. | ||
| 327 | 1 | _aВ кн. также: Плачи по призванным на военную службу; Неопубликованные материалы: Причитания; Прибаутки; Загадки | |
| 606 | 1 |
_aРусский фольклор _yНижегородская область _9961934 _3RU\NLR\AUTH\66359458 |
|
| 607 |
_aКостромская губерния _xЭтнографические исследования _92574276 _3RU\NLR\AUTH\6601733299 |
||
| 675 |
_a39(4770.341) _v4 |
||
| 686 | 1 | _aТ52(2Р-8Ко) | |
| 686 | 1 | _aШ3(2=1Р)-699Поволжье | |
| 700 | 1 |
_aЗимин _bМ. М. _f1886-1941 _gМихаил Михайлович |
|
| 702 | 1 |
_aМорохин _bН. В. _f1961- _gНиколай Владимирович _4220 _4340 |
|
| 712 | 0 | 2 |
_4570 _aКостромской историко-архитектурный музей-заповедник _3RU\NLR\AUTH\8810054730 _9609988 |
| 942 | _cBOOK | ||
| 980 | _aNB | ||